000 00300 a2200145 4500
001 167911
020 _a
040 _cMagnum
100 _aToledo, Geraldo Luciano
240 1 0 _aEstatistica basica
_lpor
245 1 0 _aEstatistica basica
362 0 _a1899
697 _aESTATISTICA
942 _cBK
999 _c167911
_d167911